[Event "VIE-ch U17 Girls"]
[Site "Ho Chi Minh City"]
[Date "2014.07.16"]
[Round "6"]
[White "Phan, Thao Nguyen"]
[Black "Nguyen, Thi My Duyen"]
[Result "0-1"]
[WhiteElo "1571"]
[BlackElo "1954"]
[PlyCount "130"]
[EventDate "2014.07.13"]
[EventType "swiss"]
[EventRounds "9"]
[EventCountry "VIE"]
[SourceTitle "EXT 2016"]
[Source "ChessBase"]
[SourceDate "2015.10.08"]
[SourceVersion "1"]
[SourceVersionDate "2015.10.08"]
[SourceQuality "1"]

1. e4 c5 2. Nf3 Nc6 3. d4 cxd4 4. Nxd4 Nf6 5. Nc3 e5 6. Nf3 Bb4 7. Bd3 d5 8. exd5 Nxd5 9. Bd2 Nxc3 10. bxc3 Be7 11. h3 a6 12. Qe2 Qc7 13. Be4 f6 14. Nh4 g6 15. Nf3 Be6 16. h4 Na5 17. Bd3 Nc4 18. Bxc4 Qxc4 19. Qe3 Rd8 20. Ng1 Bf5 21. Qe2 Qc6 22. Rh2 Bxc2 23. h5 Bd3 24. Qe3 Bc5 25. Qf3 Qe4+ 26. Qxe4 Bxe4 27. hxg6 Bxg6 28. Ne2 Bxf2+ 29. Kxf2 Rxd2 30. Ke1 Rb2 31. Rh4 Bd3 32. Nc1 Bg6 33. Ne2 Ke7 34. Rd1 Rxa2 35. Rc4 Rd8 36. Rc7+ Ke8 37. Rxd8+ Kxd8 38. Rxb7 a5 39. c4 Rc2 40. Ra7 Rxc4 41. Rxa5 Kd7 42. Ra7+ Kd6 43. Ra6+ Rc6 44. Ra8 Rc7 45. Ra6+ Ke7 46. Ra3 Kf7 47. Nc3 Kg7 48. Nb5 Rc1+ 49. Kf2 Rc2+ 50. Kg3 Be4 51. Nd6 Bg6 52. Ra7+ Kh6 53. Ra4 f5 54. Rh4+ Kg5 55. Rb4 e4 56. Rb5 Rc3+ 57. Kf2 Kf4 58. Rb4 Rc2+ 59. Kf1 Rd2 60. Nb5 Ke3 61. Kg1 Kf4 62. Kh2 Bh5 63. Kg1 Bg4 64. Nc7 Kg3 65. Rb3+ Bf3 0-1

[Event "VIE-ch U17 Girls"]
[Site "Ho Chi Minh City"]
[Date "2014.07.14"]
[Round "3"]
[White "Nguyen, Huyen Anh"]
[Black "Nguyen, Thi My Duyen"]
[Result "1/2-1/2"]
[WhiteElo "1957"]
[BlackElo "1954"]
[PlyCount "134"]
[EventDate "2014.07.13"]
[EventType "swiss"]
[EventRounds "9"]
[EventCountry "VIE"]
[SourceTitle "EXT 2016"]
[Source "ChessBase"]
[SourceDate "2015.10.08"]
[SourceVersion "1"]
[SourceVersionDate "2015.10.08"]
[SourceQuality "1"]

1. e4 e5 2. Nf3 Nc6 3. Nc3 Bc5 4. Bc4 d6 5. h3 Be6 6. Bb3 a6 7. d3 Bxb3 8. axb3 Nf6 9. Bg5 Bb4 10. 0-0 h6 11. Bxf6 Qxf6 12. Nd5 Qd8 13. d4 exd4 14. Nxd4 Bc5 15. Nf5 g6 16. Ng3 Bd4 17. c3 Bg7 18. f4 0-0 19. f5 Ne5 20. f6 Bh8 21. Qd2 Kh7 22. Qf4 Nd3 23. Qh4 c6 24. Ne7 Qb6+ 25. Kh2 Qe3 26. Rf3 Qg5 27. Qxg5 hxg5 28. Rxd3 Bxf6 29. Nxc6 bxc6 30. Rxd6 Be5 31. Rxc6 Rfd8 32. Rc5 Bf4 33. Rd5 Rxd5 34. exd5 Re8 35. Rf1 Rd8 36. c4 Kg7 37. h4 Rh8 38. Rf3 Be5 39. Kg1 gxh4 40. Ne4 Bxb2 41. Rd3 Re8 42. Nc5 a5 43. d6 Rd8 44. d7 Bf6 45. Nb7 Kf8 46. Nxd8 Bxd8 47. c5 Ke7 48. c6 f6 49. Kf2 g5 50. Kf3 f5 51. g4 hxg3 52. Kxg3 Bc7+ 53. Kf3 g4+ 54. Kg2 f4 55. Kf1 Bd8 56. Kg2 Bc7 57. Rd5 Bd8 58. Rg5 Kd6 59. Rg6+ Kc7 60. Rxg4 Kxc6 61. Rg7 Bc7 62. Kf3 Bd8 63. Kxf4 Kd6 64. Rh7 Be7 65. Rh5 Bd8 66. Ke4 Kxd7 67. Rd5+ Kc8 1/2-1/2

[Event "VIE-ch U17 Girls"]
[Site "Ho Chi Minh City"]
[Date "2014.07.13"]
[Round "1"]
[White "Vu, Thi Dieu Ai"]
[Black "Nguyen, Thi My Duyen"]
[Result "1-0"]
[WhiteElo "1840"]
[BlackElo "1954"]
[PlyCount "78"]
[EventDate "2014.07.13"]
[EventType "swiss"]
[EventRounds "9"]
[EventCountry "VIE"]
[SourceTitle "EXT 2016"]
[Source "ChessBase"]
[SourceDate "2015.10.08"]
[SourceVersion "1"]
[SourceVersionDate "2015.10.08"]
[SourceQuality "1"]

1. d4 f5 2. c4 e6 3. Nc3 d5 4. Nf3 c6 5. cxd5 exd5 6. Bg5 Be7 7. Bf4 Na6 8. e3 Nc7 9. Ne5 Nf6 10. Bd3 0-0 11. Qc2 Ne4 12. h3 Ne6 13. Bh2 c5 14. dxc5 N4xc5 15. 0-0-0 Nc7 16. g4 Nxd3+ 17. Qxd3 Be6 18. Ne2 Na6 19. Nd4 Nb4 20. Qb3 Qc8+ 21. Kb1 fxg4 22. Rc1 Bf5+ 23. Ka1 Qd8 24. hxg4 Bd7 25. a3 a5 26. Nxd7 Qxd7 27. axb4 axb4+ 28. Kb1 Ra5 29. Rc7 Qxg4 30. Rg1 Qe4+ 31. Qc2 Qxc2+ 32. Rxc2 Bf6 33. Nb3 Ra6 34. Rd1 Bh4 35. f4 Re6 36. Bg1 Rg6 37. Rdd2 Rd8 38. Bf2 Bxf2 39. Rxf2 Re6 1-0